000 00607nam a2200229Ia 4500
003 OSt
005 20220926013218.0
006 a|||||r|||| 00| 0
007 ta
008 220923b |||||||| |||| 00| 0 eng d
037 _cGeneral Book
040 _aRTL
_cRTL
_beng
041 _2eng
_aeng
082 _aX:7, M8
100 _aCyert Richard M
_9125368
245 0 _aEconomic theory of organization and the firm
260 _aNew York
_bHarvester
_c1987
300 _axv,288p
_ccm.
650 _aValue
942 _hX:7, M8
_cGB
_2CC
999 _c625485
_d625485